LEADER 01250nam--2200421---450- 001 990003030110203316 005 20071206155736.0 010 $a88-88684-84-0 010 $a2-7475-7446-6 035 $a000303011 035 $aUSA01000303011 035 $a(ALEPH)000303011USA01 035 $a000303011 100 $a20071206d2004----km-y0itay50------ba 101 $afre 102 $aIT 105 $a||||||||001yy 200 1 $a<> a-perçu du texte dans la traduction$fMichele Lorgnet (sous la direction de) 210 $aTorino$cL'Harmattan Italia$aParis$cL'Harmattan$dc2004 215 $a148 p.$d21 cm. 225 2 $aCahiers du R.A.P.T$v2 410 0$12001$aCahiers du R.A.P.T 454 1$12001 461 1$1001-------$12001 606 0 $aLinguaggio$xPsicologia 606 0 $aTraduzioni 676 $a418.02 702 1$aLORGNET,$bMichèle A. 801 0$aIT$bsalbc$gISBD 912 $a990003030110203316 951 $aIV.2. 1921$b200864 L.M.$cIV.2.$d00162423 959 $aBK 969 $aUMA 979 $aRIVELLI$b90$c20071206$lUSA01$h1553 979 $aRIVELLI$b90$c20071206$lUSA01$h1556 979 $aRIVELLI$b90$c20071206$lUSA01$h1557 996 $aA-perçu du texte dans la traduction$91025642 997 $aUNISA LEADER 02554nam1 22003013i 450 001 VAN0267944 005 20231204012359.755 100 $a20231127d1765 |0itac50 ba 101 $alat 102 $aIT 140 $a||||||||| ||||||||| 200 1 $aˆJo. Baptistae Morgagni ... ‰De sedibus, et causis morborum per anatomen indagatis libri quinque. Dissectiones, et animadversiones, nunc primum editas, complectuntur propemodum innumeras, medicis, chirurgis, anatomicis profuturas. Multiplex praefixus est index rerum, & nominum accuratissimus. Tomus primus [-secundus] .. 205 $aEditio secunda ab auctore recognita$batque a mendis omnibus expurgata 210 $aPatavii$csumptibus Remondinianis$d1765 215 $a2 volumi$d2° 300 $aSui frontespizi: Vignetta calcografica. - Corsivo, romano. - Iniziali e fregi xilografici 463 1$1001VAN0267946$12001 $aˆ1: ‰Tomus primus duos priores continens libros$1205 $aEditio secunda ab auctore recognita$batque a mendis omnibus expurgata$1210 $aPatavii$csumptibus Remondinianis$d1765$1215 $alxxxiv, 256 p., [1] carta di tav.$critratto calcografico$dfolio$1300 $aFrontespizio stampato in rosso e nero. - Ritratto calcografico di Giovanni Battista Morgagni inciso da Giovanni Volpato. - Segnatura: a-d? e¹° A-Q?. - Var. B: Frontespizio stampato solo in nero, luogo di edizione sul frontespizio: Bassani, anno di edizione: 1764, priva del ritratto.$v1 463 1$1001VAN0267950$12001 $aˆ2: ‰Tomus secundus tres reliquos libros continens$1205 $aEditio secunda ab auctore recognita$batque a mendis omnibus expurgata$1210 $aPatavii$csumptibus Remondinianis$d1765$1215 $a388 p.$d2°$1300 $aSegnatura: A-Z? 2A¹°. - Var. B: luogo di edizione sul frontespizio: Bassani, anno di edizione: 1764$v2 620 $dPadova$3VANL000007 700 1$aMorgagni$bGiovanni Battista$3VANV126770$071966 712 02$aRemondini$3VANV050491 790 1$aMorgagni, Giambattista$zMorgagni, Giovanni Battista$3VANV126771 790 1$aMorgagni, Joannes Baptista$zMorgagni, Giovanni Battista$3VANV126772 790 1$aMorgagni, Giovan Battista$zMorgagni, Giovanni Battista$3VANV126773 801 $aIT$bSOL$c20231208$gRICA 912 $aVAN0267944 996 $aDe sedibus, et causis morborum per anatomen indagatis libri quinque. Dissectiones, et animadversiones, nunc primum editas, complectuntur propemodum innumeras, medicis, chirurgis, anatomicis profuturas. Multiplex praefixus est index rerum, & nominum accuratissimus. Tomus primus .$93597294 997 $aUNICAMPANIA